Loading...
| History - Other | 0 | 3 | 1 | 1 | 25 | 92 | 105.33 | 0 | 2 | 0.00 | 0.00 |
| History - European | 0 | 2 | 0 | 1 | 20 | 73 | 93.50 | 0 | 0 | 0.00 | 0.00 |
| Science - Biology | 0 | 1 | 0 | 0 | 10 | 66 | 66.00 | 0 | 0 | 0.00 | 0.00 |
| Fine Arts - Other | 0 | 1 | 0 | 0 | 10 | 114 | 114.00 | 0 | 0 | 0.00 | 0.00 |
| Literature - American | 0 | 1 | 0 | 0 | 10 | 121 | 121.00 | 0 | 0 | 0.00 | 0.00 |
| Fine Arts - Classical Music | 0 | 1 | 0 | 0 | 10 | 115 | 115.00 | 0 | 0 | 0.00 | 0.00 |
| Social Science | 0 | 1 | 1 | 1 | 5 | 95 | 95.00 | 0 | 0 | 0.00 | 0.00 |
| Science - Physics | 0 | 0 | 0 | 0 | 0 | 0.00 | 0 | 0 | 0.00 | 0.00 | |
| Philosophy | 0 | 0 | 1 | 0 | -5 | 0.00 | 0 | 0 | 0.00 | 0.00 | |
| Science - Chemistry | 0 | 0 | 1 | 0 | -5 | 0.00 | 0 | 0 | 0.00 | 0.00 | |
| Mythology | 0 | 0 | 1 | 0 | -5 | 0.00 | 0 | 0 | 0.00 | 0.00 |